[Event "Tournoi Skype 012B"]
[Site "Skype"]
[Date "????.??.??"]
[Round "4.3"]
[White "Raheja, Shiv"]
[Black "Roos, Johan"]
[Result "0-1"]
[WhiteElo "1334"]
[BlackElo "1399"]
[PlyCount "24"]

1. e4 c5 2. Bc4 e6 3. e5 Nc6 4. Nf3 f6 5. Qe2 fxe5 6. Nxe5 Nd4 7. Qd3 Qg5 8.
Nf3 Qxg2 9. Rf1 Nxf3+ 10. Kd1 Nxh2 11. Re1 Ng4 12. Nc3 Nxf2+ 0-1

[Event "Tournoi Skype 012B"]
[Site "Skype"]
[Date "????.??.??"]
[Round "4.4"]
[White "Picard, Mario"]
[Black "Vello, Pablo"]
[Result "0-1"]
[WhiteElo "1272"]
[BlackElo "1399"]
[PlyCount "42"]

1. d4 Nf6 2. Nc3 d5 3. Nf3 c6 4. Bf4 e6 5. a3 Nbd7 6. e3 Ne4 7. Nxe4 dxe4 8.
Nd2 Be7 9. Nxe4 Nf6 10. Nxf6+ Bxf6 11. c3 O-O 12. Bd3 Re8 13. O-O e5 14. dxe5
Bxe5 15. Bxe5 Rxe5 16. Qc2 g6 17. Rfe1 Rh5 18. Be2 Rh4 19. g3 Qg5 20. Rad1 Bf5
21. f3 Bxc2 0-1

[Event "Tournoi Skype 012B"]
[Site "Skype"]
[Date "????.??.??"]
[Round "4.5"]
[White "Coruble, Didier"]
[Black "Ramirez Reina, Orlando"]
[Result "0-1"]
[WhiteElo "1378"]
[BlackElo "1469"]
[PlyCount "54"]

1. Nf3 e6 2. d4 d5 3. Bf4 Be7 4. a3 Nf6 5. h3 O-O 6. Nc3 Nbd7 7. e3 c5 8. dxc5
Nxc5 9. b4 Nce4 10. Nxe4 Nxe4 11. c3 Bf6 12. Qc2 Bxc3+ 13. Kd1 Bxa1 14. Nd2
Nxf2+ 15. Kc1 Nxh1 16. Nf3 Bf6 17. h4 Qb6 18. Nd4 Bxd4 19. exd4 Qc6 20. Qxc6
bxc6 21. g4 Nf2 22. g5 Ne4 23. Be5 f6 24. gxf6 gxf6 25. Bf4 Bd7 26. Bh6 Rfc8
27. h5 a5 0-1

[Event "Tournoi Skype 012B"]
[Site "Skype"]
[Date "????.??.??"]
[Round "4.6"]
[White "Mordaa, Ahmad"]
[Black "Rugman, Dan"]
[Result "1-0"]
[WhiteElo "1377"]
[BlackElo "1418"]
[PlyCount "83"]

1. e4 c5 2. Nf3 Nc6 3. d4 cxd4 4. Nxd4 Nf6 5. Nc3 a6 6. a3 g6 7. Be3 Bg7 8. Bc4
e6 9. O-O O-O 10. f4 d5 11. exd5 exd5 12. Nxc6 bxc6 13. Be2 Qe7 14. Bf2 Ne4 15.
Nxe4 Qxe4 16. Bd3 Qe7 17. Re1 Qb7 18. Rb1 Rb8 19. c3 Qc7 20. Qc2 c5 21. Bg3 Bb7
22. f5 Qc6 23. Bxb8 Rxb8 24. fxg6 hxg6 25. Re7 d4 26. Bc4 Rf8 27. Rf1 d3 28.
Bxd3 c4 29. Be4 Qc5+ 30. Kh1 Qxe7 31. Bxb7 Qxb7 32. Qe2 Qc7 33. Qe4 Be5 34. h3
Kg7 35. Qd5 f5 36. Rd1 f4 37. Qd7+ Rf7 38. Qxc7 Rxc7 39. Re1 Rc5 40. Rd1 Kh6
41. Kg1 Kh5 42. Kf2 1-0

[Event "Tournoi Skype 012B"]
[Site "Skype"]
[Date "????.??.??"]
[Round "4.7"]
[White "Ali Baig, Zulfqar"]
[Black "Milanese, Serge"]
[Result "1-0"]
[WhiteElo "1399"]
[BlackElo "1339"]
[PlyCount "63"]

1. d4 d5 2. c4 Nf6 3. Nc3 e6 4. e3 c6 5. Bd3 Be7 6. Nf3 Qb6 7. c5 Qc7 8. O-O
O-O 9. Bd2 Nbd7 10. b4 Ne4 11. Nxe4 dxe4 12. Bxe4 Nf6 13. Bd3 Nd7 14. Qc2 b6
15. Bxh7+ Kh8 16. Bd3 bxc5 17. bxc5 Rb8 18. Qa4 Rb2 19. Ba5 Qb8 20. Qxc6 Bb7
21. Qxd7 Bxf3 22. Bc7 Qb4 23. gxf3 Qc3 24. Qxe7 Rg8 25. Be4 Rxf2 26. Rxf2 Qxa1+
27. Kg2 f6 28. Qxe6 g6 29. Qxf6+ Kh7 30. Bd5 Rg7 31. Be5 g5 32. Qxg7# 1-0

[Event "Tournoi Skype 012B"]
[Site "Skype"]
[Date "????.??.??"]
[Round "4.8"]
[White "Lequeux, Pierre"]
[Black "Maneval, Dustin"]
[Result "0-1"]
[WhiteElo "1176"]
[BlackElo "1399"]
[PlyCount "62"]

1. Nf3 Nc6 2. d4 e6 3. Bd2 g6 4. e4 Bg7 5. e5 d6 6. Bc3 dxe5 7. dxe5 Qxd1+ 8.
Kxd1 Bd7 9. Nbd2 O-O-O 10. Bd3 Nge7 11. Re1 Nd5 12. Bb5 a6 13. Bxc6 Bxc6 14.
Ng5 Rd7 15. Nxh7 Rxh7 16. Bd4 Nf4 17. g3 Ng2 18. Rg1 Rxd4 19. Rxg2 Bxg2 20. h4
Bxe5 21. c3 Rd6 22. Kc2 g5 23. Re1 Bf6 24. Rg1 Bc6 25. Nc4 Be4+ 26. Kb3 Rd5 27.
a4 b5 28. Na5 bxa4+ 29. Kxa4 Bc2+ 30. b3 Bxc3 31. Rc1 Rxa5# 0-1

[Event "Tournoi Skype 012B"]
[Site "Skype"]
[Date "????.??.??"]
[Round "4.9"]
[White "Gharbi, Said"]
[Black "Sauvaget, Joel"]
[Result "0-1"]
[WhiteElo "1395"]
[BlackElo "1213"]
[PlyCount "122"]

1. e4 e5 2. f4 Nc6 3. Nf3 d6 4. Bc4 Bg4 5. Rf1 Nf6 6. Nc3 a6 7. Nd5 Be7 8. d3
b5 9. Nxf6+ Bxf6 10. Bd5 Qd7 11. h3 Be6 12. fxe5 dxe5 13. Bxc6 Qxc6 14. Bg5
Bxg5 15. Nxg5 O-O 16. Qh5 h6 17. Nxe6 Qxe6 18. Rf3 c5 19. b3 c4 20. dxc4 bxc4
21. O-O-O cxb3 22. axb3 a5 23. Rg3 a4 24. Kb2 axb3 25. cxb3 Qa6 26. Qxe5 Qa2+
27. Kc3 Rac8+ 28. Kd3 Qxb3+ 29. Ke2 Qc2+ 30. Ke1 g6 31. h4 Rce8 32. Rxg6+ fxg6
33. Qd5+ Rf7 34. Rd2 Qxe4+ 35. Qxe4 Rxe4+ 36. Kd1 Rf1+ 37. Kc2 Re7 38. Rd6 Rf2+
39. Kd3 Rb2 40. Kd4 Rb4+ 41. Kc5 Rxh4 42. Rxg6+ Kf7 43. Rg3 Rhe4 44. Rf3+ Kg7
45. Rg3+ Kh7 46. Rd3 h5 47. Rh3 Kh6 48. g3 Re3 49. Kd4 R3e4+ 50. Kd5 Rg4 51.
Kd6 Reg7 52. Kd5 Rxg3 53. Rh4 R7g4 54. Rh2 h4 55. Rh1 Kh5 56. Ke5 h3 57. Rh2
Kh4 58. Rh1 Rg2 59. Kf5 R4g3 60. Rf1 h2 61. Rf4+ Rg4 0-1

[Event "Tournoi Skype 012B"]
[Site "Skype"]
[Date "????.??.??"]
[Round "4.10"]
[White "Capdeville, Jean"]
[Black "Prasad, Sanjay"]
[Result "1-0"]
[WhiteElo "1341"]
[BlackElo "1382"]
[PlyCount "73"]

1. e4 d6 2. d4 c6 3. Nf3 Nd7 4. Bc4 h6 5. h3 e5 6. d5 cxd5 7. Bxd5 Ngf6 8. Nc3
Nb6 9. O-O Be7 10. b3 Qd7 11. Re1 a6 12. a4 O-O 13. a5 Nbxd5 14. Nxd5 Nxd5 15.
Qxd5 Qe6 16. Qxe6 Bxe6 17. c3 Bxb3 18. Rd1 Bc4 19. Ra4 Bb5 20. Ra1 Rab8 21. Be3
Bd8 22. Rdc1 Bxa5 23. Rxa5 Bd3 24. Nd2 b6 25. Raa1 b5 26. Rxa6 Rfd8 27. Ra3 b4
28. cxb4 Bb5 29. f3 Rdc8 30. Raa1 Bd3 31. Ba7 Rxc1+ 32. Rxc1 Rxb4 33. Rc8+ Kh7
34. Rd8 Rb2 35. Be3 d5 36. Rxd5 Bc4 37. Nxc4 1-0

[Event "Tournoi Skype 012B"]
[Site "Skype"]
[Date "????.??.??"]
[Round "4.11"]
[White "Ruiz Gomez, Luz Alba"]
[Black "Farthouat, Titoine"]
[Result "0-1"]
[WhiteElo "1399"]
[BlackElo "1164"]
[PlyCount "64"]

1. e4 e5 2. Nf3 Nc6 3. Bb5 Nd4 4. Ba4 Nxf3+ 5. Qxf3 Qf6 6. Qe2 Bc5 7. O-O Qg6
8. d3 Nf6 9. Nc3 O-O 10. Be3 d6 11. h3 Bxe3 12. Qxe3 Nh5 13. Nd5 Kh8 14. Kh2 c6
15. Ne7 Qf6 16. Nxc8 Qg6 17. g3 Raxc8 18. c4 f5 19. Bd1 f4 20. Qe2 fxg3+ 21.
Kg1 gxf2+ 22. Kh1 Ng3+ 23. Kh2 Nxe2 24. Bxe2 Rf7 25. Bg4 Rcf8 26. Bf5 Qh5 27.
Rad1 Rxf5 28. exf5 Rxf5 29. Rg1 fxg1=B+ 30. Rxg1 Rf3 31. Rh1 Qxh3+ 32. Kg1 Qg3#
0-1

[Event "Tournoi Skype 012B"]
[Site "Skype"]
[Date "????.??.??"]
[Round "4.12"]
[White "Lecluyse, Koenraad"]
[Black "Gerbaux, Regis"]
[Result "1-0"]
[WhiteElo "1157"]
[BlackElo "1435"]
[PlyCount "67"]

1. d4 d5 2. Nf3 e6 3. Bf4 Bb4+ 4. c3 Bd6 5. Bg3 Nf6 6. e3 O-O 7. Bd3 Re8 8. O-O
Nc6 9. Qc2 e5 10. Bb5 Bd7 11. Bxc6 bxc6 12. dxe5 Bxe5 13. Nxe5 Ng4 14. Nxg4
Bxg4 15. Nd2 c5 16. Rad1 Bxd1 17. Rxd1 Qd7 18. Nf3 f6 19. Bh4 Qf7 20. h3 Rad8
21. Qa4 d4 22. cxd4 cxd4 23. Rxd4 Rxd4 24. Nxd4 Re4 25. Bg3 c5 26. Qc6 Re8 27.
Nf5 Qe6 28. Qxc5 Rc8 29. Nd4 Rxc5 30. Nxe6 Rc2 31. b4 Rxa2 32. f4 Ra4 33. b5
Rxf4 34. exf4 1-0

[Event "Tournoi Skype 012B"]
[Site "Skype"]
[Date "????.??.??"]
[Round "4.13"]
[White "Porcabeuf, Jean-Marc"]
[Black "Hargez, Dany"]
[Result "1-0"]
[WhiteElo "1324"]
[BlackElo "1472"]
[PlyCount "61"]

1. d4 f5 2. c4 d5 3. Nf3 Nf6 4. Nc3 e6 5. a3 Be7 6. e3 O-O 7. Bd3 c5 8. cxd5
exd5 9. dxc5 Bxc5 10. O-O Nc6 11. Qc2 d4 12. exd4 Nxd4 13. Nxd4 Bxd4 14. Nb5
Be5 15. Rd1 Ng4 16. Bc4+ Kh8 17. Rxd8 Bxh2+ 18. Kh1 Rxd8 19. Bg5 Re8 20. Nd6
Bxd6 21. Rd1 h6 22. Bxh6 gxh6 23. Qc3+ Be5 24. Qd2 Be6 25. f3 Nf2+ 26. Kg1 Nh3+
27. gxh3 Bxc4 28. Qxh6+ Kg8 29. Rd7 Re6 30. Qh7+ Kf8 31. Qf7# 1-0

[Event "Tournoi Skype 012B"]
[Site "Skype"]
[Date "????.??.??"]
[Round "4.14"]
[White "Martin, Jean-Claude"]
[Black "Gagnon, Sindy"]
[Result "1-0"]
[WhiteElo "1439"]
[BlackElo "1003"]
[PlyCount "59"]

1. d4 e6 2. c4 Nf6 3. Nc3 d5 4. Bg5 Be7 5. Nf3 O-O 6. e3 c6 7. Rc1 Qc7 8. Bf4
Bd6 9. Bxd6 Qxd6 10. c5 Qd8 11. Bd3 Nbd7 12. O-O b6 13. Na4 Bb7 14. Qc2 h6 15.
Qb3 bxc5 16. Qxb7 cxd4 17. exd4 Rb8 18. Qxc6 Rb4 19. a3 Rb3 20. Rc3 Rb8 21.
Rfc1 Rc8 22. Qa6 Rb8 23. Qxa7 Ng4 24. h3 Ngf6 25. Rc7 Ne8 26. Rxd7 Ra8 27. Rxd8
Rxa7 28. Rcc8 Rxa4 29. Rxe8 Rxe8 30. Rxe8# 1-0

[Event "Tournoi Skype 012B"]
[Site "Skype"]
[Date "????.??.??"]
[Round "4.15"]
[White "Martin, Elise"]
[Black "Vincent, Andre"]
[Result "0-1"]
[WhiteElo "1222"]
[BlackElo "1360"]
[PlyCount "56"]

1. d4 d5 2. c4 c6 3. Nf3 e6 4. e3 Nf6 5. Bd3 Be7 6. Nbd2 Nbd7 7. O-O O-O 8. h3
b6 9. Qc2 h6 10. Nh4 Bb7 11. b3 Rc8 12. Bb2 c5 13. Ndf3 Ne4 14. Rad1 Bxh4 15.
dxc5 Ndxc5 16. Bxe4 Nxe4 17. Qb1 Bf6 18. Ba3 Re8 19. Ne1 Nc3 20. Qd3 Nxd1 21.
Qxd1 dxc4 22. Qxd8 Rexd8 23. Nf3 c3 24. Bc1 c2 25. e4 Bxe4 26. Re1 Rd1 27. Rxd1
cxd1=Q+ 28. Kh2 Qxc1 0-1

[Event "Tournoi Skype 012B"]
[Site "Skype"]
[Date "????.??.??"]
[Round "4.16"]
[White "Gabriele, Noel"]
[Black "Melin, Christiane"]
[Result "1-0"]
[WhiteElo "1355"]
[BlackElo "1130"]
[PlyCount "37"]

1. e4 e6 2. d4 d6 3. Bc4 Nc6 4. d5 Ne5 5. Bb3 Be7 6. dxe6 fxe6 7. Bf4 Ng6 8.
Bg3 Bh4 9. Bxh4 Nxh4 10. Qh5+ Ke7 11. Qxh4+ Nf6 12. Nf3 Kf7 13. Ng5+ Kg8 14.
O-O Nxe4 15. Qxe4 Qxg5 16. Bxe6+ Bxe6 17. Qxe6+ Kf8 18. Re1 Re8 19. Qxe8# 1-0

[Event "Tournoi Skype 012B"]
[Site "Skype"]
[Date "????.??.??"]
[Round "4.17"]
[White "Baker, Abi"]
[Black "Yeter, Orhan"]
[Result "0-1"]
[WhiteElo "1129"]
[BlackElo "1345"]
[PlyCount "82"]

1. c4 e6 2. e3 Nf6 3. Nc3 c6 4. g3 d5 5. b3 b6 6. Be2 c5 7. d4 Nbd7 8. f4 cxd4
9. exd4 Bb4 10. Bd2 Bxc3 11. Bxc3 dxc4 12. bxc4 Bb7 13. Nf3 Ne4 14. Bb4 a5 15.
Ba3 Nc3 16. Qd3 Nxe2 17. Qxe2 Nf6 18. f5 Ne4 19. fxe6 fxe6 20. Rf1 Qc7 21. Ne5
g6 22. Rc1 Nd6 23. c5 Nf5 24. c6 Ba6 25. Qf2 Bxf1 26. Qxf1 Nd6 27. Qh3 O-O-O
28. Qxe6+ Kb8 29. d5 Rhe8 30. Nd7+ Rxd7 31. Qxe8+ Nxe8 32. Kf2 Rf7+ 33. Ke3
Qe5+ 34. Kd3 Qxd5+ 35. Kc3 Qxc6+ 36. Kb3 Rf3+ 37. Kb2 Qb5+ 38. Kc2 Qa4+ 39. Kb2
Qxa3+ 40. Kc2 Qxa2+ 41. Kd1 Rf1# 0-1

[Event "Tournoi Skype 012B"]
[Site "Skype"]
[Date "????.??.??"]
[Round "4.18"]
[White "Pedneault, Anne-Frederique"]
[Black "Vervoort, Jean-Louis"]
[Result "0-1"]
[WhiteElo "1102"]
[BlackElo "1306"]
[PlyCount "20"]

1. c4 c5 2. Nc3 Nf6 3. Nf3 Nc6 4. g3 d6 5. Bg2 e5 6. O-O Bf5 7. e3 e4 8. Ng5
Be7 9. d4 exd3 10. Qxd3 Bxd3 0-1

[Event "Tournoi Skype 012B"]
[Site "Skype"]
[Date "????.??.??"]
[Round "4.19"]
[White "Lemoine, Gerard"]
[Black "Ouellet, Emile"]
[Result "0-1"]
[WhiteElo "1040"]
[BlackElo "1271"]
[PlyCount "62"]

1. d4 d5 2. e3 Nf6 3. f4 Bg4 4. Nf3 Nbd7 5. Bd3 e6 6. O-O Be7 7. Nbd2 O-O 8. c3
c5 9. Qe1 a6 10. a3 b5 11. Ne5 Rc8 12. Ndf3 c4 13. Bc2 Bxf3 14. Rxf3 Ne4 15.
Rh3 Ndf6 16. Nf3 h6 17. Nd2 Qd6 18. Qe2 Qb8 19. g4 Nh7 20. Nxe4 dxe4 21. g5
Nxg5 22. fxg5 Bxg5 23. Bxe4 f5 24. Bc2 Rf6 25. e4 Rg6 26. Qh5 Be3+ 27. Kf1 Rg1+
28. Ke2 Bxc1 29. Qf3 Rf8 30. exf5 exf5 31. Bxf5 Qe8+ 0-1

[Event "Tournoi Skype 012B"]
[Site "Skype"]
[Date "????.??.??"]
[Round "4.20"]
[White "Alverson, Ginny"]
[Black "Farthouat, Catherine"]
[Result "1-0"]
[WhiteElo "1244"]
[BlackElo "1000"]
[PlyCount "63"]

1. Nf3 d5 2. d4 Nf6 3. e3 Nc6 4. Bd3 e6 5. O-O Bd6 6. Nbd2 O-O 7. c4 Ng4 8. Qc2
f5 9. c5 Bxh2+ 10. Nxh2 Qh4 11. Ndf3 Qf6 12. Nxg4 Qg6 13. Nge5 Nxe5 14. dxe5 b6
15. cxb6 axb6 16. Qxc7 Rf7 17. Qd6 Rd7 18. Qxb6 Bb7 19. Bb5 Rf7 20. Qd4 Raf8
21. Qh4 d4 22. exd4 Bxf3 23. Bg5 h6 24. gxf3 hxg5 25. Qh3 g4 26. fxg4 fxg4 27.
Qg3 Rf3 28. Qg2 Qg5 29. Be2 Rh3 30. Bxg4 Rd3 31. Bxe6+ Kh7 32. Qxg5 1-0

[Event "Tournoi Skype 012B"]
[Site "Skype"]
[Date "????.??.??"]
[Round "4.21"]
[White "Paquay, Renaud"]
[Black "Marty, Yvette"]
[Result "1-0"]
[WhiteElo "1399"]
[BlackElo "1000"]
[PlyCount "47"]

1. c4 d5 2. cxd5 Nf6 3. Nc3 e5 4. dxe6 Bxe6 5. Nf3 Nbd7 6. e4 Be7 7. d4 Bg4 8.
h3 Bh5 9. Bf4 O-O 10. Be2 Bg6 11. e5 Nh5 12. Nd5 Bb4+ 13. Nd2 Nxf4 14. Nxf4 Bf5
15. O-O c6 16. Nc4 c5 17. Qa4 Bd2 18. Nxd2 Nb6 19. Qb3 Qxd4 20. Bd3 Qxf4 21.
Bxf5 Qxf5 22. Rfe1 Rfe8 23. Qg3 Qf6 24. exf6 1-0

[Event "Tournoi Skype 012B"]
[Site "Skype"]
[Date "????.??.??"]
[Round "4.22"]
[White "Coude, Josue"]
[Black "Armingaud, Jean-Claude"]
[Result "0-1"]
[WhiteElo "1097"]
[BlackElo "1189"]
[PlyCount "70"]

1. e4 e5 2. Nf3 Nc6 3. Bc4 h6 4. d3 Nf6 5. Nc3 Bb4 6. Qd2 d5 7. Bb5 d4 8. Qd1
dxc3 9. a3 cxb2+ 10. Bd2 bxa1=Q 11. Qxa1 Bxd2+ 12. Nxd2 Qe7 13. a4 O-O 14. O-O
Nd4 15. Qb1 Ne2+ 16. Kh1 Nc3 17. Qb3 Qc5 18. h3 a6 19. Bc4 b5 20. Bd5 Nfxd5 21.
exd5 bxa4 22. Qc4 Qa3 23. Qxc7 Qb2 24. Qxe5 Qxc2 25. Nc4 Qxd3 26. Re1 Qxc4 27.
Re3 Nxd5 28. Rg3 g6 29. Qh5 Qf1+ 30. Kh2 Qxf2 31. Qxh6 Bf5 32. Rg5 Ne7 33. h4
Rab8 34. h5 Qh4+ 35. Kg1 Rb1# 0-1

[Event "Tournoi Skype 012B"]
[Site "Skype"]
[Date "????.??.??"]
[Round "4.23"]
[White "Talbot, Jean"]
[Black "Rival, Jocelyn"]
[Result "1-0"]
[WhiteElo "1000"]
[BlackElo "1114"]
[PlyCount "47"]

1. e4 e5 2. Nf3 Nc6 3. Nc3 Nf6 4. d3 Bb4 5. a3 Bxc3+ 6. bxc3 O-O 7. Be2 d5 8.
exd5 Nxd5 9. O-O Nxc3 10. Qd2 Nxe2+ 11. Qxe2 Re8 12. Re1 Bg4 13. h3 Nd4 14.
hxg4 Nxe2+ 15. Rxe2 Qe7 16. Bg5 Qe6 17. Rxe5 Qc6 18. Rae1 Rf8 19. Be7 Rfe8 20.
c4 Qg6 21. g5 Qxd3 22. Bb4 Qxc4 23. Rxe8+ Rxe8 24. Rxe8# 1-0

[Event "Tournoi Skype 012B"]
[Site "Skype"]
[Date "????.??.??"]
[Round "5.1"]
[White "Grib, Johannes"]
[Black "Prasad Singh, Ambika"]
[Result "0-1"]
[WhiteElo "1357"]
[BlackElo "1376"]
[PlyCount "100"]

1. c4 c5 2. Nf3 Nc6 3. e3 d6 4. Be2 Nf6 5. O-O e6 6. d4 cxd4 7. exd4 Be7 8. Nc3
O-O 9. Re1 a6 10. a3 Qc7 11. Qc2 Bd7 12. Ng5 Nxd4 13. Qd1 Nxe2+ 14. Qxe2 h6 15.
Nge4 Bc6 16. Nxf6+ Bxf6 17. Ne4 Be7 18. Ng3 g5 19. Nh5 d5 20. h4 Rad8 21. hxg5
hxg5 22. b3 dxc4 23. bxc4 b5 24. Bb2 Kh7 25. Nf6+ Bxf6 26. Bxf6 Kg6 27. Bxd8
Rxd8 28. Qc2+ Kh6 29. Re3 bxc4 30. Rh3+ Kg7 31. Qh7+ Kf8 32. Qh6+ Ke7 33. Qxg5+
Kd7 34. Rd1+ Bd5 35. Rh7 Kc6 36. Qf6 Rd7 37. Qh8 Kb5 38. Rb1+ Kc6 39. Qa8+ Kd6
40. Qxa6+ Ke7 41. Qa4 Be4 42. Qb4+ Rd6 43. Rg7 Bxb1 44. Qxb1 c3 45. Qc1 c2 46.
Qg5+ Ke8 47. Rg8+ Kd7 48. Qb5+ Qc6 49. Rd8+ Kxd8 50. Qb8+ Ke7 0-1

[Event "Tournoi Skype 012B"]
[Site "Skype"]
[Date "????.??.??"]
[Round "5.3"]
[White "Ramirez Reina, Orlando"]
[Black "Capdeville, Jean"]
[Result "0-1"]
[WhiteElo "1469"]
[BlackElo "1341"]
[PlyCount "102"]

1. d4 d5 2. c4 e6 3. Nf3 Nd7 4. Nc3 c6 5. Bf4 Be7 6. e3 h6 7. h3 Ngf6 8. cxd5
cxd5 9. Bd3 O-O 10. O-O a6 11. Re1 b5 12. a3 Bb7 13. Rc1 Rc8 14. Qe2 Qe8 15. e4
dxe4 16. Nxe4 Bxe4 17. Bxe4 Nxe4 18. Qxe4 Rxc1 19. Rxc1 Nf6 20. Qb7 a5 21. Rc7
Nd5 22. Bh2 Nxc7 23. Qxc7 Qd8 24. Qb7 Qc8 25. Qc7 Qxc7 26. Bxc7 a4 27. Ne5 Rc8
28. Ba5 Rc1+ 29. Kh2 Rc2 30. Bc3 Rxf2 31. Nc6 Rf4 32. Nxe7+ Kf8 33. Nc6 Re4 34.
Bb4+ Ke8 35. Bc5 Re2 36. Na7 Rxb2 37. Bb4 Kd7 38. Nxb5 Kc6 39. Nd6 Rxb4 40.
Nxf7 Rxd4 41. Ne5+ Kd5 42. Nd7 Rd3 43. Nb6+ Kc6 44. Nxa4 Rxa3 45. Nb2 Kd5 46.
Nd1 e5 47. Nf2 e4 48. Nxe4 Kxe4 49. Kg1 Ke3 50. Kh2 Kf2 51. g4 g5 0-1

[Event "Tournoi Skype 012B"]
[Site "Skype"]
[Date "????.??.??"]
[Round "5.5"]
[White "Maneval, Dustin"]
[Black "Tamditi, Ibrahim"]
[Result "0-1"]
[WhiteElo "1399"]
[BlackElo "1220"]
[PlyCount "54"]

1. e4 e5 2. Nc3 Nf6 3. f4 Bc5 4. Nf3 d6 5. Be2 O-O 6. b3 Re8 7. fxe5 dxe5 8.
Bb2 Nc6 9. Na4 Nxe4 10. Nxc5 Nxc5 11. O-O e4 12. Ne1 e3 13. Nf3 Qe7 14. Nd4
Nxd4 15. Bxd4 exd2 16. Bc4 Ne4 17. Bxf7+ Kh8 18. Bxe8 Qxe8 19. Rf3 Bg4 20.
Bxg7+ Kxg7 21. Rg3 Nxg3 22. Qxg4+ Qg6 23. Qd7+ Qf7 24. Qxf7+ Kxf7 25. hxg3 Re8
26. Rf1+ Kg6 27. Kf2 Rf8+ 0-1

[Event "Tournoi Skype 012B"]
[Site "Skype"]
[Date "????.??.??"]
[Round "5.6"]
[White "Farthouat, Titoine"]
[Black "Mordaa, Ahmad"]
[Result "0-1"]
[WhiteElo "1164"]
[BlackElo "1377"]
[PlyCount "54"]

1. e4 e5 2. Nf3 Nc6 3. Bb5 Bc5 4. Bxc6 dxc6 5. Nc3 Bg4 6. O-O Nf6 7. h3 Bxf3 8.
Qxf3 Qe7 9. d3 O-O-O 10. Bg5 h6 11. Bxf6 gxf6 12. Na4 Bd6 13. Qe3 Kb8 14. c4 c5
15. Nc3 c6 16. Rfe1 Qe6 17. Na4 b6 18. b3 f5 19. Rac1 f4 20. Qd2 Rhg8 21. Qc3
Qxh3 22. Kf1 Rxg2 23. Ke2 Qe3+ 24. Kd1 Qxf2 25. a3 Bc7 26. b4 Qf3+ 27. Re2
Qxe2# 0-1

[Event "Tournoi Skype 012B"]
[Site "Skype"]
[Date "????.??.??"]
[Round "5.7"]
[White "Sauvaget, Joel"]
[Black "Raheja, Shiv"]
[Result "0-1"]
[WhiteElo "1213"]
[BlackElo "1334"]
[PlyCount "132"]

1. e4 e5 2. Nf3 Nc6 3. c4 Bc5 4. Be2 Nf6 5. O-O Nxe4 6. d3 Nf6 7. Bg5 h6 8. Bh4
d6 9. a3 g5 10. Bg3 Nh5 11. Kh1 Nxg3+ 12. fxg3 h5 13. b4 Be3 14. Qe1 g4 15. Nh4
Bg5 16. Nc3 Nd4 17. Bd1 Be6 18. Ra2 b5 19. Raf2 bxc4 20. dxc4 Bxc4 21. Be2 Nxe2
22. Nxe2 Rf8 23. Ng6 Rg8 24. Nh4 Qd7 25. Qc3 Be6 26. Qd3 Qe7 27. Nf5 Qf6 28.
Nxd6+ cxd6 29. Rxf6 Bxf6 30. Rxf6 Rc8 31. Rf1 Ke7 32. Qd2 Bc4 33. Re1 Be6 34.
Rc1 Rcd8 35. Nc3 d5 36. Nb5 Bd7 37. a4 a6 38. Na3 Bxa4 39. Nc2 Rg6 40. Ne3 d4
41. Nc4 Re6 42. Nb2 Bb5 43. Nd3 e4 44. Nc5 Re5 45. Re1 e3 46. Qd1 f5 47. Nd3
Re4 48. Re2 Rc8 49. Rc2 Rc3 50. Rxc3 dxc3 51. Ne1 Rxb4 52. Kg1 Re4 53. Qc2 Ke6
54. Qxc3 e2 55. Qb3+ Bc4 56. Qc3 Ke7 57. Kf2 Kd6 58. Nc2 Bd5 59. Ke1 Rc4 60.
Qd2 Re4 61. Na3 Ra4 62. Qb2 Bxg2 63. Kxe2 Re4+ 64. Kf2 Bf3 65. Kf1 Be2+ 66. Kf2
Bf3 0-1

[Event "Tournoi Skype 012B"]
[Site "Skype"]
[Date "????.??.??"]
[Round "5.8"]
[White "Lecluyse, Koenraad"]
[Black "Porcabeuf, Jean-Marc"]
[Result "0-1"]
[WhiteElo "1157"]
[BlackElo "1324"]
[PlyCount "62"]

1. d4 d5 2. Nf3 Nd7 3. Bf4 Ngf6 4. e3 b6 5. Bd3 e6 6. O-O Be7 7. Nbd2 O-O 8. c3
Nh5 9. Bg3 Nxg3 10. hxg3 Nf6 11. e4 dxe4 12. Nxe4 Ng4 13. Re1 Bb7 14. Nh2 Nxh2
15. Kxh2 f5 16. Nd2 Bd6 17. f4 Qf6 18. Nf3 Qg6 19. Bc4 Rae8 20. Qb3 Rf6 21. Re2
Bxf3 22. gxf3 Qh6+ 23. Kg2 Rg6 24. Rh1 Qxf4 25. Kf2 Qxg3+ 26. Ke3 Bf4+ 27. Kd3
Qxf3+ 28. Kc2 Qxh1 29. Bxe6+ Kh8 30. Qc4 Qc1+ 31. Kd3 Rg3+ 0-1

[Event "Tournoi Skype 012B"]
[Site "Skype"]
[Date "????.??.??"]
[Round "5.9"]
[White "Rugman, Dan"]
[Black "Picard, Mario"]
[Result "0-1"]
[WhiteElo "1418"]
[BlackElo "1272"]
[PlyCount "60"]

1. e4 e5 2. Nf3 Nc6 3. Bc4 Bc5 4. b4 b5 5. bxc5 bxc4 6. d3 cxd3 7. cxd3 Nf6 8.
Nc3 O-O 9. O-O d6 10. Bg5 dxc5 11. Nd5 Be6 12. Bxf6 gxf6 13. Ne3 Nb4 14. Qe2
Nxd3 15. Rad1 Nf4 16. Qb5 Qe7 17. Nd5 Nxd5 18. exd5 Rab8 19. Qd3 Rfd8 20. Nh4
Bxd5 21. Qg3+ Kf8 22. Nf5 Qe6 23. Qg7+ Ke8 24. Qxh7 Kd7 25. Ng7 Rh8 26. Qc2 Qd6
27. Nf5 Rhg8 28. Nxd6 Rxg2+ 29. Kh1 Rg1+ 30. Kxg1 Rg8+ 0-1

[Event "Tournoi Skype 012B"]
[Site "Skype"]
[Date "????.??.??"]
[Round "5.10"]
[White "Milanese, Serge"]
[Black "Martin, Jean-Claude"]
[Result "1-0"]
[WhiteElo "1339"]
[BlackElo "1439"]
[PlyCount "27"]

1. e4 e5 2. Nf3 Nc6 3. c3 Nf6 4. d3 d6 5. h3 h6 6. Be3 Be7 7. d4 exd4 8. cxd4
Nxe4 9. d5 Ne5 10. Qa4+ Qd7 11. Qxe4 O-O 12. Nc3 a6 13. Nxe5 dxe5 14. Bd3 1-0

[Event "Tournoi Skype 012B"]
[Site "Skype"]
[Date "????.??.??"]
[Round "5.11"]
[White "Ouellet, Emile"]
[Black "Gharbi, Said"]
[Result "1-0"]
[WhiteElo "1271"]
[BlackElo "1395"]
[PlyCount "59"]

1. e4 d5 2. exd5 Qxd5 3. Nc3 Qa5 4. d4 Nf6 5. Nf3 c6 6. Be3 Bg4 7. Be2 e6 8.
O-O Bd6 9. h3 Qh5 10. Nh2 Bxe2 11. Qxe2 Qf5 12. f4 Nbd7 13. a3 Nd5 14. g4 Qf6
15. Nxd5 cxd5 16. Rf3 a6 17. Raf1 Nb6 18. R1f2 Nc4 19. f5 e5 20. g5 Qd8 21.
dxe5 Bxe5 22. Bf4 f6 23. Bxe5 Nxe5 24. gxf6 Qxf6 25. Ng4 Qd6 26. Nxe5 O-O-O 27.
Nf7 Qf6 28. Nxh8 Rxh8 29. Qe6+ Qxe6 30. fxe6 1-0

[Event "Tournoi Skype 012B"]
[Site "Skype"]
[Date "????.??.??"]
[Round "5.12"]
[White "Prasad, Sanjay"]
[Black "Gabriele, Noel"]
[Result "1/2-1/2"]
[WhiteElo "1382"]
[BlackElo "1355"]
[PlyCount "98"]

1. c4 e5 2. d3 Nc6 3. e4 Bc5 4. Nf3 Nf6 5. Nc3 O-O 6. h3 d6 7. Be2 Nd4 8. Na4
Nxf3+ 9. Bxf3 Bd4 10. Qe2 c5 11. O-O Qa5 12. Qc2 Bd7 13. Bd1 Qa6 14. a3 Bxa4
15. Qxa4 Qxa4 16. Bxa4 a6 17. Rb1 a5 18. Bg5 Rab8 19. b4 Bc3 20. bxc5 dxc5 21.
Rb5 b6 22. Bxf6 gxf6 23. Rfb1 Kg7 24. Rxb6 Ra8 25. Rc6 Bd4 26. Rbb6 Rab8 27.
Rxf6 Rxb6 28. Rxb6 Ra8 29. Rb7 Kg6 30. Bc6 Ra6 31. Bd5 Rf6 32. Ra7 Bc3 33. f3
h6 34. Rb7 h5 35. Rb5 Bd4+ 36. Kf1 Ra6 37. a4 f6 38. g4 h4 39. Rb8 Kg7 40. Rg8+
Kh7 41. Bf7 Ra7 42. Be6 Re7 43. Bd5 Ra7 44. Rf8 Kg7 45. Rg8+ Kh7 46. Ra8 Rxa8
47. Bxa8 Kg6 48. Kg2 Kg5 49. Bd5 Kf4 1/2-1/2

[Event "Tournoi Skype 012B"]
[Site "Skype"]
[Date "????.??.??"]
[Round "5.13"]
[White "Vervoort, Jean-Louis"]
[Black "Coruble, Didier"]
[Result "0-1"]
[WhiteElo "1306"]
[BlackElo "1378"]
[PlyCount "72"]

1. d4 Nf6 2. c4 e6 3. Nc3 b6 4. e4 d6 5. Bd3 Bb7 6. Nf3 Be7 7. O-O O-O 8. Bg5
Nbd7 9. b4 Re8 10. Qc2 Nf8 11. Bxf6 Bxf6 12. c5 bxc5 13. bxc5 dxc5 14. e5 Be7
15. Ne2 cxd4 16. Nfxd4 c5 17. Nb3 c4 18. Bxc4 Rc8 19. Nd2 Ba6 20. Rfe1 Bc5 21.
Rab1 Qh4 22. Ng3 Qf4 23. Rf1 Qxe5 24. Qb3 Rb8 25. Qa4 Bb7 26. Nb3 Bb6 27. Bb5
Red8 28. Rbc1 Qd5 29. Rc6 Bxc6 30. Bxc6 Qg5 31. Kh1 Ng6 32. Ne4 Qe7 33. g3 Rbc8
34. h4 Ne5 35. Bb5 Qb7 36. f4 Ng4 0-1